00458nam a2200193 a 4500001001300000003000900013005001700022008004100039020001000080082001300090100001700103245002500120260003500145300000900180500003500189505001000224650001300234700001700247nice12345678IN_TiNIC20260116011338.0050524s1932 newa grp 000 0 eng  ac10000a266bHOC aHocking, W E aRethinking Missions. aNew YorkbHarper and Rowc1932 a349p aincludes index and biblioraphy2 aIndex aMissions1 aHocking, W E